000 00911nam a22002417a 4500
005 2010032307007.0
008 100323t xxu||||| |||| 00| 0 eng d
010 _aENG-95925
020 _a9788184840353
_c950.00
020 _a9788184840353
_c950.00
035 _aEN-79458
037 _bDBAD/PUB
040 _aDPL
082 _a338.642
100 _aGumma, Vijay Nagesh
245 _aThe impact of globlization on small-scale industries/
_cby Vijay Nagesh Gumma
260 _aNew Delhi
_bRegal Publications
_c2009
270 _aF-159, Rajouri Garden
_bNew Delhi
_e110027
300 _axiv, 265p. :
_c24 cm. (Hb)
500 _aIncludes bibliographical reference and index
942 _2ddc
_cEN
_mGUM
_h338.642
999 _c34844
_d34844